| 000 | 00943nam a22002297a 4500 | ||
|---|---|---|---|
| 005 | 20250520160851.0 | ||
| 008 | 250520b |||||||| |||| 00| 0 eng d | ||
| 020 | _a978-93-85696-80-0 (hbk) | ||
| 037 | _cTB | ||
| 040 |
_aBL _cBL |
||
| 041 |
_2hin _ahin |
||
| 084 |
_aO152,6x R2 _qBL |
||
| 100 |
_aद्विवेदी, संजय _9809139 |
||
| 245 | _aभारतबोध का नया समय | ||
| 260 |
_aनई दिल्ली, भारत: _bयश पब्लिकेशन्स, _c2022. |
||
| 300 | _a224पृ. | ||
| 365 |
_b600.00 _cINR |
||
| 650 | _aहिन्दी साहित्य | ||
| 650 | _aहिन्दी निबंध | ||
| 942 |
_2CC _cTB _hO152,6x R2 _n0 |
||
| 999 |
_c1428914 _d1428914 |
||